| 000 | 00604nam a2200229Ia 4500 | ||
|---|---|---|---|
| 003 | OSt | ||
| 005 | 20260105160806.0 | ||
| 008 | 210719s2020 xx 000 0 und d | ||
| 020 | _a978-81-8281-600-8 | ||
| 040 | _cAL | ||
| 041 | _aeng | ||
| 082 | _a338.9 JHIE | ||
| 100 |
_a Jhingan M L _946687 |
||
| 245 | _aEconomics of development and planning | ||
| 250 | _a42 Rev | ||
| 260 |
_aDelhi _bVrinda Publications (P) Ltd _c2020 |
||
| 300 |
_axix,532 _bPB |
||
| 365 |
_b350 _cRs |
||
| 700 |
_aJhingan B K _9250195 |
||
| 906 | _a42 ; development ; Economics ; Ed ; planning ; Rev | ||
| 942 |
_2ddc _cBK |
||
| 999 |
_c212034 _d212034 |
||